| 000 | 00861cam a2200145 4500500 | ||
|---|---|---|---|
| 005 | 20260322000546.0 | ||
| 041 | _afre | ||
| 042 | _adc | ||
| 100 | 1 | 0 |
_aChadenas, Céline _eauthor |
| 700 | 1 | 0 |
_aAndreu-Boussut, Vincent _eauthor |
| 245 | 0 | 0 | _aEnvironnements |
| 260 |
_bArmand Colin,
_c2024. |
||
| 520 | _aRédigé par un collectif de plusieurs enseignants spécialistes du sujet, cet ouvrage, conforme au programme, permettra aux candidats d’avoir une vision globale de la question "Environnements". "Aborder la question des environnements en géographie constitue une démarche utile compte tenu des enjeux politiques et d’aménagement, mais aussi de l’intérêt que revêt cette question tant du point de vue disciplinaire que scolaire." | ||
| 856 | 4 | 1 | _uhttps://shs.cairn.info/environnements--9782200638177?lang=fr&redirect-ssocas=7080 |
| 999 |
_c1707269 _d1707269 |
||